00390 a2200109 4500001001000000005001700010008004100027245010200068100001700170773007600187999001700263ART_1303720260410161817.0260409a 10aReforma legal y derechos económicos y sociales de los niños: las paradojas de la ciudadanía1 aBeloff, Mary0 tRevista Juridica de Buenos AiresgDerechos humanos (ene. 2007)wREV4315 c21958d21958